<?xml version="1.0" encoding="UTF-8"?>
<marc:record xmlns:marc="http://www.loc.gov/MARC21/slim">
   <marc:leader>00000nam a2200000 a 4500</marc:leader>
   <marc:datafield ind1="1" ind2=" " tag="100">
      <marc:subfield code="a">Parry, Rosanne</marc:subfield>
      <marc:subfield code="4">aut</marc:subfield>
      <marc:subfield code="e">Verfasser/-in</marc:subfield>
   </marc:datafield>
   <marc:datafield ind1=" " ind2=" " tag="653">
      <marc:subfield code="a">Sachwissen / Wildpferde</marc:subfield>
   </marc:datafield>
   <marc:datafield ind1=" " ind2=" " tag="653">
      <marc:subfield code="a">Abenteuergeschichte</marc:subfield>
   </marc:datafield>
   <marc:datafield ind1=" " ind2=" " tag="653">
      <marc:subfield code="a">Wildpferd</marc:subfield>
   </marc:datafield>
   <marc:datafield ind1=" " ind2=" " tag="653">
      <marc:subfield code="a">Pferdegeschichte</marc:subfield>
   </marc:datafield>
   <marc:datafield ind1=" " ind2=" " tag="653">
      <marc:subfield code="a">Nordamerika / Wildpferde</marc:subfield>
   </marc:datafield>
   <marc:datafield ind1=" " ind2=" " tag="653">
      <marc:subfield code="a">Wildpferde</marc:subfield>
   </marc:datafield>
   <marc:datafield ind1=" " ind2=" " tag="653">
      <marc:subfield code="a">Nevada</marc:subfield>
   </marc:datafield>
   <marc:datafield ind1=" " ind2=" " tag="653">
      <marc:subfield code="a">Prärie</marc:subfield>
   </marc:datafield>
   <marc:datafield ind1="0" ind2="0" tag="245">
      <marc:subfield code="a">Lauf wie der Wind, Sky!</marc:subfield>
   </marc:datafield>
   <marc:datafield ind1="0" ind2="0" tag="245">
      <marc:subfield code="c">Rosanne Parry. Mit Illustrationen von Kirbi Fagan. Aus dem amerikanischen Englisch von Uwe-Michael Gutzschhahn</marc:subfield>
   </marc:datafield>
   <marc:datafield ind1=" " ind2="1" tag="264">
      <marc:subfield code="a">Münster</marc:subfield>
      <marc:subfield code="b">Coppenrath Verlag</marc:subfield>
      <marc:subfield code="c">2024</marc:subfield>
   </marc:datafield>
   <marc:datafield ind1="1" ind2=" " tag="520">
      <marc:subfield code="a">Als das Hengstfohlen Sky geboren wird, lernt es als Erstes: Schnelligkeit ist Leben. Schnelligkeit ist die Stärke der Herde. Mit ihr zieht Sky durch die Prärie auf der Suche nach frischem Wasser und Weideland. Und auf der Flucht vor den Menschen, die immer tiefer in sein Heimatgebiet eindringen. Als heranwachsender Hengst muss Sky die Herde jedoch verlassen, denn die Ressourcen reichen nicht für alle. Und ein einsames Wildpferd lebt gefährlich: Sky wird gefangen und gezwungen, von nun an täglich weite Strecken unter einem Reiter zu laufen. Ist Schnelligkeit, seine große Stärke, jetzt noch sein Weg in die Freiheit? Ein spannender neuer Roman über die Wunder der Natur von der "Stimme der Wildnis" Rosanne Parry, mit vielen Sachinfos zu Wildpferden und ihrem Lebensraum. (Verlagsinformation)</marc:subfield>
   </marc:datafield>
   <marc:datafield ind1=" " ind2=" " tag="020">
      <marc:subfield code="a">9783649647508</marc:subfield>
      <marc:subfield code="9">9783649647508</marc:subfield>
   </marc:datafield>
   <marc:datafield ind1=" " ind2=" " tag="041">
      <marc:subfield code="a">ger</marc:subfield>
   </marc:datafield>
   <marc:datafield ind1=" " ind2=" " tag="500">
      <marc:subfield code="a">Altersempfehlung: ab 8 Jahren. Originaltitel: "A Horse named Sky" (erschienen 2023 bei Greenwillow Books, New York).</marc:subfield>
   </marc:datafield>
   <marc:datafield ind1=" " ind2=" " tag="300">
      <marc:subfield code="a">224 Seiten</marc:subfield>
   </marc:datafield>
</marc:record>
